000 00565nam a2200181Ia 4500
003 GCL
008 140319s9999 xx 000 0 ara d
040 _aGCL /
_cGCL
082 0 4 _a813.03
_bت م
100 1 _aتوفيق الحكيم
245 1 0 _aتمرد الشيطان /
_cتوفيق الحكيم
260 _a[S.N] :
_bدار الكتاب اللبنانى ،
_c1985
300 _aمتعدد
490 _aمكتبة توفيق الحكيم الشعبية
_v0
650 0 4 _aالادب العربى
650 0 4 _aالقصص العربية
942 _2ddc
_cBK
999 _c53652
_d53652